[Event "FRA-chT U20 1112"]
[Site "France"]
[Date "2011.12.18"]
[Round "6"]
[White "Gillard, Martin"]
[Black "Galloni, Marina"]
[Result "1-0"]
[WhiteElo "1230"]
[BlackElo "1230"]
[PlyCount "43"]
[EventDate "2011.12.03"]
[EventType "team-swiss"]
[EventRounds "7"]
[EventCountry "FRA"]
[SourceTitle "EXT 2013"]
[Source "ChessBase"]
[SourceDate "2012.11.22"]
[SourceVersion "1"]
[SourceVersionDate "2012.11.22"]
[SourceQuality "1"]

1. e4 c6 2. d4 d5 3. e5 Bf5 4. Nc3 e6 5. Nf3 Bb4 6. Bd2 Ne7 7. a3 Bxc3 8. Bxc3 Nd7 9. Bd3 Bg4 10. h3 Bxf3 11. Qxf3 0-0 12. Bb4 b6 13. Qg3 c5 14. Qh4 g6 15. dxc5 bxc5 16. Bd2 Nxe5 17. Bh6 Re8 18. g4 Qa5+ 19. Kf1 Nf3 20. Qf6 Nd2+ 21. Kg2 c4 22. Qg7# 1-0

[Event "FRA-chT U20 1112"]
[Site "France"]
[Date "2011.12.17"]
[Round "4"]
[White "Bellahcene, Meriem"]
[Black "Gillard, Martin"]
[Result "1-0"]
[WhiteElo "1467"]
[BlackElo "1230"]
[PlyCount "43"]
[EventDate "2011.12.03"]
[EventType "team-swiss"]
[EventRounds "7"]
[EventCountry "FRA"]
[SourceTitle "EXT 2013"]
[Source "ChessBase"]
[SourceDate "2012.11.22"]
[SourceVersion "1"]
[SourceVersionDate "2012.11.22"]
[SourceQuality "1"]

1. e4 e5 2. Nf3 Nc6 3. d4 exd4 4. Nxd4 Nxd4 5. Qxd4 b6 6. Qd5 c6 7. Qd4 Bb7 8. Bc4 c5 9. Qe3 Qf6 10. e5 Qg6 11. Qf4 f6 12. exf6 Nxf6 13. Qe5+ Be7 14. Bg5 h6 15. Bh4 Bc6 16. Nc3 a6 17. 0-0-0 Qxg2 18. Rhg1 Qh3 19. Rxg7 Qe6 20. Bxe6 dxe6 21. Qxe6 Kf8 22. Qf7# 1-0

[Event "FRA-chT U20 16 GP Basse 1011"]
[Site "France"]
[Date "2011.06.12"]
[Round "10"]
[White "Bellahcene, Meriem"]
[Black "Gillard, Martin"]
[Result "1-0"]
[WhiteElo "1430"]
[BlackElo "1260"]
[PlyCount "49"]
[EventDate "2010.06.20"]
[EventType "team-tourn"]
[EventRounds "11"]
[EventCountry "FRA"]
[SourceTitle "EXT 2015"]
[Source "ChessBase"]
[SourceDate "2014.11.20"]
[SourceVersion "1"]
[SourceVersionDate "2014.11.20"]
[SourceQuality "1"]
[WhiteTeam "Bischwiller (U20)"]
[BlackTeam "Lyon (U20)"]
[WhiteTeamCountry "FRA"]
[BlackTeamCountry "FRA"]

1. e4 e5 2. Nf3 Nc6 3. d4 Bd6 4. d5 Nce7 5. Be2 Nf6 6. Nc3 b6 7. 0-0 Bb7 8. Be3 0-0 9. Nd2 c6 10. Nc4 Qc7 11. dxc6 Ba6 12. Qxd6 Qxd6 13. Nxd6 dxc6 14. Bxa6 Rfd8 15. Nf5 g6 16. Nxe7+ Kf8 17. Nxc6 Re8 18. Bb7 Rab8 19. Nxb8 Rxb8 20. Bd5 Rd8 21. f4 exf4 22. Rxf4 Kg7 23. Raf1 Rd6 24. Nb5 Rd7 25. Rxf6 1-0

[Event "FRA-chTA U20 1011"]
[Site "France"]
[Date "2010.12.19"]
[Round "5.7"]
[White "Gillard, Martin"]
[Black "Barbe Asensio, Cyrielle"]
[Result "0-1"]
[WhiteElo "1009"]
[BlackElo "1390"]
[PlyCount "54"]
[EventDate "2010.11.21"]
[EventType "team-tourn"]
[EventRounds "7"]
[EventCountry "FRA"]
[SourceTitle "EXT 2012"]
[Source "ChessBase"]
[SourceDate "2011.11.24"]
[SourceVersion "1"]
[SourceVersionDate "2011.11.24"]
[SourceQuality "1"]
[WhiteTeam "Lyon"]
[BlackTeam "Montpellier"]
[WhiteTeamCountry "FRA"]
[BlackTeamCountry "FRA"]

1. e4 b6 2. Bc4 Bb7 3. Qf3 e6 4. d3 Nf6 5. Nc3 Bb4 6. Bd2 0-0 7. Qg3 Re8 8. Bh6 g6 9. Qf3 Be7 10. e5 Bxf3 11. gxf3 Nd5 12. Nxd5 exd5 13. Bxd5 Nc6 14. b4 Bxb4+ 15. Kd1 Rxe5 16. Be4 f5 17. Kc1 fxe4 18. fxe4 g5 19. Nf3 Re6 20. Nxg5 Rxh6 21. Rg1 Rg6 22. f4 Nd4 23. Kd1 h6 24. f5 Rxg5 25. Rxg5+ Qxg5 26. c3 Bxc3 27. h4 Qd2# 0-1